[Event "Deutsche Ländermeisterschaft 2023"]
[Site "Hannover GER"]
[Date "2023.10.02"]
[Round "3"]
[White "Guo, Philipp Ziming"]
[Black "Herter, Arne"]
[Result "1-0"]
[Termination "normal"]
[Board "4.3"]
[WhiteElo "1985"]
[BlackElo "2039"]
[WhiteClock "00:02:36"]
[BlackClock "00:01:41"]
[WhiteTeam "Schleswig-Holstein"]
[BlackTeam "Sachsen-Anhalt"]
[PlyCount "159"]
[WhiteFideId "16245199"]
[BlackFideId "16255372"]
[EventCountry "GER"]
[EventRounds "7"]
[EventType "team-swiss"]
[EventDate "2023.09.30"]

1. e4 {[%clk 01:30:57]} {[%emt 00:00:01]} e5 {[%clk 01:30:57]} {[%emt
00:00:04]} 2. Nf3 {[%clk 01:31:19]} {[%emt 00:00:07]} Nc6 {[%clk 01:31:24]}
{[%emt 00:00:04]} 3. Bb5 {[%clk 01:31:27]} {[%emt 00:00:21]} a6 {[%clk
01:31:49]} {[%emt 00:00:04]} 4. Bxc6 {[%clk 01:31:52]} {[%emt 00:00:06]} dxc6
{[%clk 01:32:17]} {[%emt 00:00:03]} 5. O-O {[%clk 01:32:13]} {[%emt 00:00:08]}
Qf6 {[%clk 01:32:44]} {[%emt 00:00:03]} 6. d4 {[%clk 01:32:20]} {[%emt
00:00:23]} exd4 {[%clk 01:33:10]} {[%emt 00:00:05]} 7. Bg5 {[%clk 01:32:40]}
{[%emt 00:00:09]} Qd6 {[%clk 01:33:35]} {[%emt 00:00:05]} 8. Nxd4 {[%clk
01:32:46]} {[%emt 00:00:23]} Be7 {[%clk 01:33:56]} {[%emt 00:00:10]} 9. Be3
{[%clk 01:32:57]} {[%emt 00:00:18]} Nh6 {[%clk 01:34:08]} {[%emt 00:00:19]} 10.
Qd2 {[%clk 01:32:20]} {[%emt 00:01:06]} Ng4 {[%clk 01:19:58]} {[%emt 00:14:40]}
11. Bf4 {[%clk 01:32:30]} {[%emt 00:00:19]} Ne5 {[%clk 01:20:10]} {[%emt
00:00:19]} 12. Qc3 {[%clk 01:26:18]} {[%emt 00:06:41]} Bf6 {[%clk 01:06:32]}
{[%emt 01:28:36]} 13. Nd2 {[%clk 01:19:34]} O-O {[%clk 00:57:08]} 14. N2b3
{[%clk 01:04:39]} Qe7 {[%clk 00:49:28]} 15. Bg3 {[%clk 00:50:38]} Ng6 {[%clk
00:41:34]} {[%emt 00:00:03]} 16. Qe3 Re8 {[%clk 00:36:04]} {[%emt 00:03:15]}
17. Rfe1 {[%clk 00:38:55]} {[%emt 00:04:33]} Bd7 {[%clk 00:22:41]} {[%emt
00:13:53]} 18. c3 {[%clk 00:37:43]} {[%emt 00:01:42]} b6 {[%clk 00:17:49]}
{[%emt 00:05:22]} 19. Nf3 {[%clk 00:23:44]} {[%emt 00:14:29]} Bg4 {[%clk
00:08:26]} {[%emt 00:09:52]} 20. h3 {[%clk 00:21:09]} {[%emt 00:03:06]} Bxf3
{[%clk 00:08:35]} {[%emt 00:00:21]} 21. Qxf3 {[%clk 00:21:34]} {[%emt
00:00:04]} Be5 {[%clk 00:06:42]} {[%emt 00:02:23]} 22. Nd4 {[%clk 00:19:00]}
{[%emt 00:03:05]} c5 {[%clk 00:05:23]} {[%emt 00:01:49]} 23. Nf5 {[%clk
00:17:00]} {[%emt 00:02:30]} Qd7 {[%clk 00:05:26]} {[%emt 00:00:28]} 24. Qg4
{[%clk 00:13:33]} {[%emt 00:03:57]} Qd2 {[%clk 00:03:31]} {[%emt 00:02:25]} 25.
Re2 {[%clk 00:09:58]} {[%emt 00:04:05]} Qd3 {[%clk 00:03:27]} {[%emt 00:00:33]}
26. Bxe5 {[%clk 00:09:08]} {[%emt 00:01:20]} Rxe5 {[%clk 00:03:56]} {[%emt
00:00:02]} 27. Rae1 {[%clk 00:09:00]} {[%emt 00:00:38]} Rae8 {[%clk 00:02:42]}
{[%emt 00:01:44]} 28. Re3 {[%clk 00:05:55]} {[%emt 00:03:35]} Qc2 {[%clk
00:02:42]} {[%emt 00:00:29]} 29. R3e2 {[%clk 00:04:15]} {[%emt 00:02:10]} Qd3
{[%clk 00:03:11]} {[%emt 00:00:02]} 30. Re3 {[%clk 00:01:43]} {[%emt 00:03:02]}
Qc2 {[%clk 00:03:40]} {[%emt 00:00:01]} 31. Qe2 {[%clk 00:01:14]} {[%emt
00:00:59]} Qxe2 {[%clk 00:02:46]} {[%emt 00:01:24]} 32. R3xe2 {[%clk 00:01:38]}
{[%emt 00:00:05]} Nf4 {[%clk 00:03:04]} {[%emt 00:00:13]} 33. Re3 {[%clk
00:02:04]} {[%emt 00:00:03]} Rd8 {[%clk 00:02:51]} {[%emt 00:00:43]} 34. Nh4
{[%clk 00:01:27]} {[%emt 00:01:07]} Rg5 {[%clk 00:02:13]} {[%emt 00:01:08]} 35.
Kf1 {[%clk 00:00:48]} {[%emt 00:01:09]} c4 {[%clk 00:01:07]} {[%emt 00:01:36]}
36. g4 {[%clk 00:00:40]} {[%emt 00:00:39]} Rb5 {[%clk 00:01:17]} {[%emt
00:00:19]} 37. b3 {[%clk 00:00:44]} {[%emt 00:00:26]} Rd2 {[%clk 00:00:58]}
{[%emt 00:00:49]} 38. Rf3 {[%clk 00:00:38]} {[%emt 00:00:36]} g5 {[%clk
00:00:57]} {[%emt 00:00:31]} 39. Ng2 {[%clk 00:00:42]} {[%emt 00:00:26]} Nxg2
{[%clk 00:00:59]} {[%emt 00:00:29]} 40. Kxg2 {[%clk 00:01:11]} Rxa2 {[%clk
00:01:20]} {[%emt 00:00:08]} 41. bxc4 {[%clk 00:30:14]} {[%emt 00:01:27]} Re5
{[%clk 00:23:52]} {[%emt 00:07:59]} 42. Rd1 {[%clk 00:25:00]} {[%emt 00:05:45]}
Re7 {[%clk 00:19:21]} {[%emt 00:05:00]} 43. Rd5 {[%clk 00:21:18]} {[%emt
00:04:11]} h6 {[%clk 00:17:51]} {[%emt 00:02:01]} 44. c5 {[%clk 00:21:00]}
{[%emt 00:00:48]} bxc5 {[%clk 00:07:52]} {[%emt 00:10:30]} 45. Rxc5 {[%clk
00:21:16]} {[%emt 00:00:12]} Rb2 {[%clk 00:07:35]} {[%emt 00:00:48]} 46. Rf6
{[%clk 00:17:59]} {[%emt 00:03:47]} Rb6 {[%clk 00:07:57]} {[%emt 00:00:09]} 47.
Rxc7 {[%clk 00:15:52]} {[%emt 00:02:37]} Rxf6 {[%clk 00:05:59]} {[%emt
00:02:28]} 48. Rxe7 {[%clk 00:16:17]} {[%emt 00:00:04]} Rc6 {[%clk 00:06:22]}
{[%emt 00:00:07]} 49. Ra7 {[%clk 00:16:25]} {[%emt 00:00:22]} Rxc3 {[%clk
00:06:48]} {[%emt 00:00:05]} 50. Rxa6 {[%clk 00:16:50]} {[%emt 00:00:04]} Kg7
{[%clk 00:07:14]} {[%emt 00:00:05]} 51. f3 {[%clk 00:14:26]} {[%emt 00:02:54]}
Rb3 {[%clk 00:07:17]} {[%emt 00:00:28]} 52. Kg3 {[%clk 00:14:33]} {[%emt
00:00:22]} Rc3 {[%clk 00:06:58]} {[%emt 00:00:50]} 53. Ra5 {[%clk 00:13:57]}
{[%emt 00:01:05]} Rb3 {[%clk 00:05:16]} {[%emt 00:02:13]} 54. Rf5 {[%clk
00:14:19]} {[%emt 00:00:08]} Ra3 {[%clk 00:03:35]} {[%emt 00:02:11]} 55. h4
{[%clk 00:12:16]} {[%emt 00:02:33]} Kg6 {[%clk 00:03:51]} {[%emt 00:00:15]} 56.
h5+ {[%clk 00:08:03]} {[%emt 00:04:43]} Kg7 {[%clk 00:04:17]} {[%emt 00:00:04]}
57. Rd5 {[%clk 00:07:43]} {[%emt 00:00:49]} Rb3 {[%clk 00:03:46]} {[%emt
00:01:02]} 58. Kf2 {[%clk 00:07:49]} {[%emt 00:00:24]} Rb2+ {[%clk 00:03:23]}
{[%emt 00:00:53]} 59. Ke3 {[%clk 00:08:13]} {[%emt 00:00:05]} Rb3+ {[%clk
00:03:43]} {[%emt 00:00:11]} 60. Rd3 {[%clk 00:08:39]} {[%emt 00:00:03]} Rb1
{[%clk 00:03:40]} {[%emt 00:00:33]} 61. Kd4 {[%clk 00:06:50]} {[%emt 00:02:19]}
Rb5 {[%clk 00:03:16]} {[%emt 00:00:54]} 62. f4 {[%clk 00:05:13]} {[%emt
00:02:07]} f6 {[%clk 00:01:06]} {[%emt 00:02:40]} 63. fxg5 {[%clk 00:03:10]}
{[%emt 00:02:33]} hxg5 {[%clk 00:00:44]} {[%emt 00:00:51]} 64. Rc3 {[%clk
00:02:34]} {[%emt 00:01:06]} Ra5 {[%clk 00:00:39]} {[%emt 00:00:36]} 65. Rc7+
{[%clk 00:02:55]} {[%emt 00:00:09]} Kg8 {[%clk 00:01:05]} {[%emt 00:00:04]} 66.
Rc6 {[%clk 00:02:32]} {[%emt 00:00:51]} Kf7 {[%clk 00:00:45]} {[%emt 00:00:51]}
67. Rc3 {[%clk 00:01:34]} {[%emt 00:01:28]} Ra1 {[%clk 00:00:57]} {[%emt
00:00:18]} 68. Rc7+ {[%clk 00:01:28]} {[%emt 00:00:37]} Kg8 {[%clk 00:01:08]}
{[%emt 00:00:19]} 69. e5 {[%clk 00:00:47]} {[%emt 00:01:11]} fxe5+ {[%clk
00:00:33]} {[%emt 00:01:05]} 70. Kxe5 {[%clk 00:01:10]} {[%emt 00:00:07]} Rf1
{[%clk 00:00:51]} {[%emt 00:00:12]} 71. Rc6 {[%clk 00:01:19]} {[%emt 00:00:20]}
Rf7 {[%clk 00:00:34]} {[%emt 00:00:47]} 72. Rf6 {[%clk 00:01:24]} {[%emt
00:00:25]} Ra7 {[%clk 00:00:52]} {[%emt 00:00:12]} 73. Kf5 {[%clk 00:01:34]}
{[%emt 00:00:20]} Kg7 {[%clk 00:00:53]} {[%emt 00:00:29]} 74. Kxg5 {[%clk
00:01:47]} {[%emt 00:00:17]} Ra5+ {[%clk 00:01:06]} {[%emt 00:00:17]} 75. Rf5
{[%clk 00:02:13]} {[%emt 00:00:04]} Ra7 {[%clk 00:01:27]} {[%emt 00:00:09]} 76.
Rb5 {[%clk 00:02:03]} {[%emt 00:00:40]} Rc7 {[%clk 00:01:31]} {[%emt 00:00:26]}
77. h6+ {[%clk 00:02:03]} {[%emt 00:00:30]} Kh7 {[%clk 00:01:54]} {[%emt
00:00:06]} 78. Kh5 {[%clk 00:02:24]} {[%emt 00:00:09]} Ra7 {[%clk 00:01:55]}
{[%emt 00:00:29]} 79. g5 {[%clk 00:02:11]} {[%emt 00:00:43]} Rc7 {[%clk
00:01:41]} {[%emt 00:00:44]} 80. g6+ {[%clk 00:02:36]} {[%emt 00:00:05]} 1-0

[Event "Deutsche Ländermeisterschaft 2023"]
[Site "Hannover GER"]
[Date "2023.10.02"]
[Round "3"]
[White "Udelnov, Valentin"]
[Black "Sommer, Justus"]
[Result "1-0"]
[Termination "normal"]
[Board "4.4"]
[WhiteElo "2054"]
[BlackElo "2041"]
[WhiteClock "00:17:11"]
[BlackClock "00:05:23"]
[WhiteTeam "Sachsen-Anhalt"]
[BlackTeam "Schleswig-Holstein"]
[PlyCount "53"]
[WhiteFideId "16265734"]
[BlackFideId "16245008"]
[EventCountry "GER"]
[EventRounds "7"]
[EventType "team-swiss"]
[EventDate "2023.09.30"]

1. e4 {[%clk 01:30:54]} {[%emt 00:00:04]} e5 {[%clk 01:30:53]} {[%emt
00:00:07]} 2. Nf3 {[%clk 01:31:20]} {[%emt 00:00:04]} Nc6 {[%clk 01:31:13]}
{[%emt 00:00:09]} 3. Bc4 {[%clk 01:31:41]} {[%emt 00:00:11]} Nf6 {[%clk
01:31:33]} {[%emt 00:00:09]} 4. d3 {[%clk 01:32:06]} {[%emt 00:00:06]} Be7
{[%clk 01:31:24]} {[%emt 00:00:39]} 5. O-O {[%clk 01:32:01]} {[%emt 00:00:35]}
d6 {[%clk 01:31:00]} {[%emt 00:00:53]} 6. a4 {[%clk 01:29:04]} {[%emt
00:03:28]} O-O {[%clk 01:30:42]} {[%emt 00:00:46]} 7. Nc3 {[%clk 01:25:39]}
{[%emt 00:03:58]} Bg4 {[%clk 01:27:02]} {[%emt 00:04:09]} 8. h3 {[%clk
01:25:43]} {[%emt 00:00:27]} Bh5 {[%clk 01:26:19]} {[%emt 00:01:12]} 9. Be3
{[%clk 01:23:54]} {[%emt 00:02:18]} Qd7 {[%clk 01:19:39]} {[%emt 00:07:10]} 10.
a5 {[%clk 01:20:22]} {[%emt 00:04:04]} a6 {[%clk 01:16:10]} {[%emt 01:24:09]}
11. Nd5 {[%clk 01:10:10]} Nxd5 {[%clk 01:16:10]} 12. Bxd5 {[%clk 01:10:10]} Kh8
{[%clk 01:16:10]} 13. Bc4 {[%clk 01:10:10]} Kg8 {[%clk 01:12:40]} 14. Bd5
{[%clk 01:06:49]} Kh8 {[%clk 01:09:27]} 15. Nxe5 dxe5 {[%clk 00:58:00]} 16.
Qxh5 {[%clk 01:03:23]} f5 {[%clk 00:55:33]} 17. f4 {[%clk 00:48:55]} Nb4 {[%clk
00:53:40]} 18. Bb3 {[%clk 00:49:14]} fxe4 {[%clk 00:52:20]} 19. dxe4 {[%clk
00:49:38]} exf4 {[%clk 00:48:27]} 20. Bxf4 {[%clk 00:47:46]} {[%emt 00:00:02]}
Qc6 {[%clk 00:29:10]} {[%emt 00:07:20]} 21. Kh2 {[%clk 00:33:39]} {[%emt
00:14:39]} Rad8 {[%clk 00:25:14]} {[%emt 00:04:25]} 22. Bg3 {[%clk 00:27:31]}
{[%emt 00:06:39]} Bd6 {[%clk 00:14:34]} {[%emt 00:11:10]} 23. e5 {[%clk
00:25:16]} {[%emt 00:02:45]} Qc5 {[%clk 00:13:51]} {[%emt 00:01:13]} 24. Bf7
{[%clk 00:19:25]} {[%emt 00:06:21]} Be7 {[%clk 00:09:33]} {[%emt 00:04:48]} 25.
Rf5 {[%clk 00:16:56]} {[%emt 00:02:59]} Qc6 {[%clk 00:06:48]} {[%emt 00:03:14]}
26. e6 {[%clk 00:16:51]} {[%emt 00:00:35]} h6 {[%clk 00:05:23]} {[%emt
00:01:55]} 27. Be5 {[%clk 00:17:11]} {[%emt 00:00:10]} 1-0

[Event "Deutsche Ländermeisterschaft 2023"]
[Site "Hannover GER"]
[Date "2023.10.02"]
[Round "3"]
[White "Falke, Ornella"]
[Black "Pohle, Saskia"]
[Result "1-0"]
[Termination "normal"]
[Board "4.5"]
[WhiteTitle "WCM"]
[WhiteElo "1990"]
[BlackElo "1849"]
[WhiteClock "00:40:03"]
[BlackClock "00:45:53"]
[WhiteTeam "Schleswig-Holstein"]
[BlackTeam "Sachsen-Anhalt"]
[PlyCount "39"]
[WhiteFideId "16207092"]
[BlackFideId "16201604"]
[EventCountry "GER"]
[EventRounds "7"]
[EventType "team-swiss"]
[EventDate "2023.09.30"]

1. e4 {[%clk 01:30:56]} {[%emt 00:00:04]} e5 {[%clk 01:30:55]} {[%emt
00:00:06]} 2. Nf3 {[%clk 01:31:16]} {[%emt 00:00:10]} Nc6 {[%clk 01:31:20]}
{[%emt 00:00:05]} 3. Bb5 {[%clk 01:31:37]} {[%emt 00:00:09]} a6 {[%clk
01:31:45]} {[%emt 00:00:05]} 4. Ba4 {[%clk 01:31:58]} {[%emt 00:00:09]} Nf6
{[%clk 01:32:09]} {[%emt 00:00:06]} 5. O-O {[%clk 01:32:17]} {[%emt 00:00:11]}
Be7 {[%clk 01:32:31]} {[%emt 00:00:08]} 6. d3 {[%clk 01:32:26]} {[%emt
00:00:21]} b5 {[%clk 01:32:46]} {[%emt 00:00:15]} 7. Bb3 {[%clk 01:32:51]}
{[%emt 00:00:05]} O-O {[%clk 01:32:32]} {[%emt 00:00:43]} 8. a4 {[%clk
01:33:12]} {[%emt 00:00:09]} b4 {[%clk 01:28:42]} {[%emt 00:04:21]} 9. a5
{[%clk 01:32:52]} {[%emt 00:00:49]} d6 {[%clk 01:25:07]} {[%emt 00:04:05]} 10.
Nbd2 {[%clk 01:30:54]} {[%emt 00:02:28]} Rb8 {[%clk 01:22:48]} {[%emt
00:02:49]} 11. h3 {[%clk 01:26:54]} {[%emt 00:04:31]} Be6 {[%clk 01:22:24]}
{[%emt 00:00:54]} 12. Nc4 {[%clk 01:26:21]} {[%emt 00:01:03]} h6 {[%clk
01:22:23]} {[%emt 00:00:31]} 13. Be3 {[%clk 01:23:47]} {[%emt 00:03:03]} Kh8
{[%clk 01:17:17]} {[%emt 00:05:36]} 14. c3 {[%clk 01:12:30]} {[%emt 01:21:44]}
Qc8 {[%clk 01:05:05]} 15. Qc2 {[%clk 00:53:28]} Qb7 {[%clk 00:58:12]} 16. Rfb1
{[%clk 00:49:21]} Nd7 {[%clk 00:54:11]} 17. d4 {[%clk 00:44:06]} exd4 18. cxd4
{[%clk 00:41:54]} d5 {[%clk 00:51:49]} 19. Ncd2 {[%clk 00:41:34]} dxe4 {[%clk
00:45:53]} 20. d5 {[%clk 00:40:03]} 1-0

[Event "Deutsche Ländermeisterschaft 2023"]
[Site "Hannover GER"]
[Date "2023.10.02"]
[Round "3"]
[White "Lanert, Theodor"]
[Black "Shevchenko, Igor"]
[Result "1-0"]
[Termination "normal"]
[Board "4.7"]
[WhiteElo "1404"]
[BlackElo "1521"]
[WhiteClock "00:25:38"]
[BlackClock "00:44:19"]
[WhiteTeam "Schleswig-Holstein"]
[BlackTeam "Sachsen-Anhalt"]
[PlyCount "103"]
[WhiteFideId "34605576"]
[BlackFideId "34634924"]
[EventCountry "GER"]
[EventRounds "7"]
[EventType "team-swiss"]
[EventDate "2023.09.30"]

1. e4 {[%clk 01:30:52]} {[%emt 00:00:06]} c6 {[%clk 01:30:53]} {[%emt
00:00:08]} 2. d4 {[%clk 01:31:17]} {[%emt 00:00:05]} d5 {[%clk 01:31:17]}
{[%emt 00:00:06]} 3. exd5 {[%clk 01:31:40]} {[%emt 00:00:07]} cxd5 {[%clk
01:31:42]} {[%emt 00:00:05]} 4. c4 {[%clk 01:32:01]} {[%emt 00:00:08]} Nf6
{[%clk 01:31:32]} {[%emt 00:00:41]} 5. Nc3 {[%clk 01:32:25]} {[%emt 00:00:06]}
e6 {[%clk 01:31:49]} {[%emt 00:00:13]} 6. Nf3 {[%clk 01:31:30]} {[%emt
00:01:25]} Be7 {[%clk 01:32:04]} {[%emt 00:00:15]} 7. Bd3 {[%clk 01:31:06]}
{[%emt 00:00:53]} O-O {[%clk 01:32:22]} {[%emt 00:00:12]} 8. O-O {[%clk
01:31:31]} {[%emt 00:00:06]} Nc6 {[%clk 01:31:41]} {[%emt 00:01:12]} 9. h3
{[%clk 01:30:30]} {[%emt 00:01:31]} h6 {[%clk 01:31:28]} {[%emt 00:00:43]} 10.
a3 {[%clk 01:30:39]} {[%emt 00:00:21]} b6 {[%clk 01:29:22]} {[%emt 00:02:35]}
11. Be3 {[%clk 01:26:13]} {[%emt 00:04:56]} Bb7 {[%clk 01:28:07]} {[%emt
00:01:44]} 12. Qd2 {[%clk 01:25:28]} {[%emt 00:01:15]} dxc4 {[%clk 01:28:00]}
{[%emt 00:00:37]} 13. Bxc4 {[%clk 01:25:04]} {[%emt 00:00:54]} Na5 {[%clk
01:28:22]} {[%emt 00:00:08]} 14. Ne5 {[%clk 01:20:59]} {[%emt 00:04:34]} Rc8
{[%clk 01:28:14]} {[%emt 00:00:38]} 15. Ba2 {[%clk 01:20:14]} {[%emt 00:01:15]}
Nd5 {[%clk 01:22:25]} {[%emt 00:06:20]} 16. Nxd5 {[%clk 01:15:58]} Bxd5 {[%clk
01:22:44]} {[%emt 01:21:15]} 17. b4 {[%clk 01:16:09]} Nc6 {[%clk 01:20:55]} 18.
Nxc6 Bxc6 {[%clk 01:20:11]} 19. Bb1 {[%clk 01:02:00]} Qd5 {[%clk 01:20:02]} 20.
f3 {[%clk 01:00:41]} f5 {[%clk 01:19:11]} 21. Re1 {[%clk 00:58:22]} Rf6 {[%clk
01:18:44]} 22. Ba2 {[%clk 00:57:55]} Qd7 {[%clk 01:19:06]} 23. Rac1 {[%clk
00:57:08]} Rd8 {[%clk 01:17:44]} 24. Qc3 {[%clk 00:55:52]} Rc8 {[%clk
01:17:49]} 25. Qd2 {[%clk 00:55:34]} Rcf8 {[%clk 01:14:04]} 26. Qc3 {[%clk
00:55:29]} Rc8 {[%clk 01:13:04]} 27. Qd2 {[%clk 00:55:26]} Rcf8 {[%clk
01:00:26]} 28. Qc3 {[%clk 00:55:32]} Ba8 {[%clk 01:00:54]} 29. Qc7 {[%clk
00:55:39]} Qe8 {[%clk 01:01:14]} 30. d5 {[%clk 00:54:00]} Bxd5 31. Bxd5 {[%clk
00:54:05]} exd5 {[%clk 00:55:25]} 32. Bd4 {[%clk 00:54:08]} R6f7 {[%clk
00:55:50]} 33. Qg3 Qd8 {[%clk 00:55:09]} 34. Re6 {[%clk 00:37:31]} {[%emt
00:07:08]} Bf6 {[%clk 00:48:30]} {[%emt 00:07:09]} 35. Bxf6 {[%clk 00:31:30]}
{[%emt 00:06:31]} Rxf6 {[%clk 00:48:53]} {[%emt 00:00:06]} 36. Rc7 {[%clk
00:31:14]} {[%emt 00:00:46]} g5 {[%clk 00:47:32]} {[%emt 00:01:52]} 37. Ree7
{[%clk 00:30:21]} {[%emt 00:01:23]} R8f7 {[%clk 00:43:55]} {[%emt 00:04:07]}
38. Qe5 {[%clk 00:30:05]} {[%emt 00:00:45]} Rxe7 {[%clk 00:43:46]} {[%emt
00:00:39]} 39. Rxe7 {[%clk 00:30:27]} {[%emt 00:00:08]} Qd6 {[%clk 00:44:02]}
{[%emt 00:00:14]} 40. Qxd6 {[%clk 00:29:37]} {[%emt 00:01:21]} Rxd6 {[%clk
00:44:27]} {[%emt 00:00:05]} 41. Rxa7 {[%clk 00:30:01]} {[%emt 00:00:05]} d4
{[%clk 00:44:44]} {[%emt 00:00:14]} 42. Kf2 {[%clk 00:30:00]} {[%emt 00:00:31]}
h5 {[%clk 00:44:31]} {[%emt 00:00:43]} 43. Ke2 {[%clk 00:30:14]} {[%emt
00:00:16]} g4 {[%clk 00:44:22]} {[%emt 00:00:39]} 44. hxg4 {[%clk 00:28:00]}
{[%emt 00:02:43]} fxg4 {[%clk 00:44:38]} {[%emt 00:00:14]} 45. fxg4 {[%clk
00:26:10]} {[%emt 00:02:21]} hxg4 {[%clk 00:44:50]} {[%emt 00:00:18]} 46. Re7
{[%clk 00:25:53]} {[%emt 00:00:46]} d3+ {[%clk 00:44:25]} {[%emt 00:00:56]} 47.
Kd2 {[%clk 00:25:51]} {[%emt 00:00:32]} Rd4 {[%clk 00:43:27]} {[%emt 00:01:28]}
48. Re3 {[%clk 00:26:04]} {[%emt 00:00:18]} Kf7 {[%clk 00:43:16]} {[%emt
00:00:41]} 49. Rxd3 {[%clk 00:26:25]} {[%emt 00:00:09]} Rxd3+ {[%clk 00:43:43]}
{[%emt 00:00:03]} 50. Kxd3 {[%clk 00:26:32]} {[%emt 00:00:23]} Ke6 {[%emt
00:00:05]} 51. a4 {[%clk 00:25:26]} {[%emt 00:01:34]} Ke5 {[%clk 00:44:19]}
{[%emt 00:00:20]} 52. Ke3 {[%clk 00:25:38]} {[%emt 00:00:19]} 1-0

[Event "Deutsche Ländermeisterschaft 2023"]
[Site "Hannover GER"]
[Date "2023.10.02"]
[Round "3"]
[White "Rössling, Laura Marie"]
[Black "Margaryan, Mane"]
[Result "1-0"]
[Termination "normal"]
[Board "4.8"]
[WhiteElo "1285"]
[BlackElo "1382"]
[WhiteClock "00:56:57"]
[BlackClock "00:51:52"]
[WhiteTeam "Sachsen-Anhalt"]
[BlackTeam "Schleswig-Holstein"]
[PlyCount "57"]
[WhiteFideId "16289471"]
[BlackFideId "16268237"]
[EventCountry "GER"]
[EventRounds "7"]
[EventType "team-swiss"]
[EventDate "2023.09.30"]

1. e4 {[%clk 01:30:57]} {[%emt 00:00:02]} c5 {[%clk 01:30:57]} {[%emt
00:00:04]} 2. Nf3 {[%clk 01:31:17]} {[%emt 00:00:09]} e6 {[%clk 01:31:15]}
{[%emt 00:00:12]} 3. d4 {[%clk 01:31:39]} {[%emt 00:00:07]} cxd4 {[%clk
01:31:35]} {[%emt 00:00:11]} 4. Nxd4 {[%clk 01:31:58]} {[%emt 00:00:10]} a6
{[%clk 01:31:56]} {[%emt 00:00:11]} 5. Bd3 {[%clk 01:32:05]} {[%emt 00:00:23]}
Qc7 {[%clk 01:32:01]} {[%emt 00:00:25]} 6. O-O {[%clk 01:32:21]} {[%emt
00:00:13]} Nf6 {[%clk 01:32:09]} {[%emt 00:00:22]} 7. Qe2 {[%clk 01:32:05]}
{[%emt 00:00:46]} Bc5 {[%clk 01:30:48]} {[%emt 00:01:53]} 8. Be3 {[%clk
01:28:02]} {[%emt 00:04:26]} O-O {[%clk 01:29:10]} {[%emt 00:02:13]} 9. Nb3
{[%clk 01:23:54]} {[%emt 00:04:38]} b6 {[%clk 01:27:08]} {[%emt 00:02:32]} 10.
Nxc5 {[%clk 01:20:05]} {[%emt 00:04:20]} bxc5 {[%clk 01:26:37]} {[%emt
00:01:02]} 11. c4 {[%clk 01:16:19]} {[%emt 00:04:16]} Bb7 {[%clk 01:25:37]}
{[%emt 00:01:30]} 12. Nc3 {[%clk 01:14:15]} {[%emt 00:02:34]} Rd8 {[%clk
01:21:34]} {[%emt 01:22:00]} 13. Bg5 {[%clk 01:12:25]} d6 {[%clk 01:18:07]} 14.
Bxf6 {[%clk 01:12:18]} gxf6 {[%clk 01:18:30]} 15. Qg4+ {[%clk 01:12:32]} Kf8
{[%clk 01:18:29]} 16. Qh4 {[%clk 01:12:37]} Ke7 {[%clk 01:17:55]} 17. Qxh7
{[%clk 01:12:43]} Nc6 {[%clk 01:15:40]} 18. Qh3 {[%clk 01:10:07]} Rh8 {[%clk
01:14:33]} 19. Qe3 {[%clk 01:09:37]} d5 {[%clk 01:13:23]} 20. h3 {[%clk
01:08:04]} d4 {[%clk 01:12:19]} 21. Nd5+ {[%clk 01:07:06]} exd5 {[%clk
01:12:17]} 22. Qe2 {[%clk 01:06:45]} Kd7 {[%clk 00:59:19]} 23. exd5 {[%clk
01:00:30]} Ne7 {[%clk 00:54:29]} 24. Qg4+ {[%clk 00:59:28]} f5 {[%clk
00:51:56]} 25. Bxf5+ {[%clk 00:57:47]} Nxf5 26. Qxf5+ {[%clk 00:57:45]} Kd6
{[%clk 00:51:40]} 27. Qf6+ {[%clk 00:56:43]} Kd7 {[%clk 00:51:45]} 28. Qxf7+
{[%clk 00:56:56]} Kd6 {[%clk 00:51:52]} 29. Qe6# {[%clk 00:56:57]} 1-0